[Event "ch-USA GpA"]
[Site "Saint Louis USA"]
[Date "2011.04.15"]
[Round "1"]
[White "Naroditsky, Daniel"]
[Black "Ehlvest, Jaan"]
[Result "1/2-1/2"]
[WhiteTitle "FM"]
[BlackTitle "GM"]
[WhiteElo "2438"]
[BlackElo "2586"]
[WhiteFideId "2026961"]
[BlackFideId "4500016"]
[EventDate "2011.04.15"]

1. e4 c5 2. Nf3 Nc6 3. d4 cxd4 4. Nxd4 Qb6 5. Nb3 Nf6 6. Nc3 e6 7. Be3 Qc7 8.
Bd3 d6 9. O-O a6 10. a4 b6 11. Qe2 Be7 12. f4 O-O 13. Rae1 Bb7 14. Rf3 Rfe8 15.
Qf2 Nd7 16. Rh3 Nb4 17. Nd4 Nc5 18. Qe2 g6 19. Nf3 Qd7 20. Ng5 Bxg5 21. fxg5 d5
22. Bxc5 bxc5 23. Qf2 c4 24. Bf1 d4 25. Rd1 Rad8 26. Qh4 h5 27. gxh6 Qe7 28. h7+
Kh8 29. Qxe7 Rxe7 30. Bxc4 Nxc2 31. Bb3 Nb4 32. e5 Nc6 33. Rhd3 Red7 34. Ne2
Kxh7 35. a5 Nxa5 36. Rxd4 Rxd4 37. Rxd4 Rb8 38. Ba4 Nc6 39. Rd6 Nxe5 40. Rb6 Nc4
41. Rb4 Na5 42. Rb6 Kg7 43. b3 Rc8 44. b4 Bc6 45. Rxa6 Bxa4 46. Rxa5 Bd1 47. Kf1
Rc2 48. Nf4 Rb2 49. Ke1 Bb3 50. h4 Bc2 51. Rc5 Rxb4 52. Nxe6+ fxe6 53. Rxc2 Rxh4
54. Kf2 Kf6 55. Rc8 Rf4+ 56. Ke3 g5 57. Rf8+ Ke5 58. Rg8 Kf5 59. Rf8+ Kg4 60.
Rxf4+ gxf4+ 61. Ke4 1/2-1/2

[Event "ch-USA GpA"]
[Site "Saint Louis USA"]
[Date "2011.04.16"]
[Round "2"]
[White "Ehlvest, Jaan"]
[Black "Robson, Ray"]
[Result "1/2-1/2"]
[WhiteTitle "GM"]
[BlackTitle "GM"]
[WhiteElo "2586"]
[BlackElo "2522"]
[WhiteFideId "4500016"]
[BlackFideId "2023970"]
[EventDate "2011.04.15"]

1. c4 e6 2. Nf3 d5 3. e3 Nf6 4. Nc3 c6 5. b3 Nbd7 6. Bb2 Bd6 7. d4 O-O 8. Rc1 e5
9. cxd5 cxd5 10. dxe5 Nxe5 11. Be2 Nxf3+ 12. Bxf3 Be5 13. O-O Be6 14. Rc2 Rc8
15. Ne2 Qd6 16. Bxe5 Qxe5 17. Nd4 Rxc2 18. Qxc2 Rc8 19. Qd2 Qc7 20. h3 Qc3 21.
Qxc3 Rxc3 22. Rd1 Kf8 23. Be2 Ke7 24. Bd3 a6 25. f3 Nd7 26. Kf2 Ne5 27. Ke2 Nc6
28. Kd2 Rc5 29. Nxc6+ Rxc6 30. Rc1 Rxc1 31. Kxc1 Kd6 32. Kb2 h6 33. h4 g5 34.
hxg5 hxg5 35. b4 Ke5 36. Kc3 f5 37. g3 f4 38. exf4+ gxf4 39. gxf4+ Kxf4 40. Kd4
Kxf3 41. a4 Kf2 42. a5 Ke1 43. Ke5 Bg4 44. Bg6 Kd2 45. Kd4 Bd7 46. Bf7 Bc6 1/2-1/2

[Event "ch-USA GpA"]
[Site "Saint Louis USA"]
[Date "2011.04.16"]
[Round "2"]
[White "Stripunsky, Alexander"]
[Black "Ivanov, Alexander"]
[Result "1/2-1/2"]
[WhiteTitle "GM"]
[BlackTitle "GM"]
[WhiteElo "2578"]
[BlackElo "2540"]
[WhiteFideId "2015315"]
[BlackFideId "2000202"]
[EventDate "2011.04.15"]

1. d4 Nf6 2. Nf3 e6 3. Bf4 b6 4. e3 Bb7 5. h3 Bd6 6. Bxd6 cxd6 7. Nbd2 d5 8. Bd3
d6 9. c3 Nbd7 10. Qc2 Qc7 11. a4 e5 12. Nh2 O-O 13. O-O a6 14. Rfe1 Rfe8 15.
Nhf1 g6 16. Ng3 Kg7 17. Rac1 Rac8 18. Qd1 h5 19. Bf1 Nf8 20. Bd3 Ne6 21. Bb1 h4
22. Ngf1 Bc6 23. Nh2 b5 24. axb5 axb5 25. Ng4 Qd8 26. dxe5 Nxg4 27. Qxg4 dxe5
28. Rcd1 Qf6 29. Nf3 e4 30. Nd4 Bd7 31. Nxe6+ Bxe6 32. Qe2 b4 33. cxb4 1/2-1/2

[Event "ch-USA GpA"]
[Site "Saint Louis USA"]
[Date "2011.04.17"]
[Round "3"]
[White "Ivanov, Alexander"]
[Black "Naroditsky, Daniel"]
[Result "1-0"]
[WhiteTitle "GM"]
[BlackTitle "FM"]
[WhiteElo "2540"]
[BlackElo "2438"]
[WhiteFideId "2000202"]
[BlackFideId "2026961"]
[EventDate "2011.04.15"]

1. e4 c5 2. Nf3 d6 3. d4 cxd4 4. Nxd4 Nf6 5. Nc3 a6 6. Bc4 e6 7. Bb3 Nbd7 8. Bg5
Nc5 9. f4 Be7 10. Qf3 Qc7 11. f5 Bd7 12. O-O O-O 13. Kh1 Kh8 14. a3 Qb6 15. Rad1
Rac8 16. Be3 Qc7 17. Ba2 b5 18. b4 Nb7 19. Rd3 d5 20. e5 Ng8 21. Bf4 Qb6 22.
Nde2 Bc6 23. f6 Nxf6 24. exf6 Bxf6 25. Qh5 g6 26. Be5 Bxe5 27. Qxe5+ Kg8 28. Nd4
Bd7 29. Bxd5 Rxc3 30. Rxc3 exd5 31. Qxd5 Nd6 32. Nc6 Re8 33. Qxd6 Qf2 34. Qd1 1-0

[Event "ch-USA GpA"]
[Site "Saint Louis USA"]
[Date "2011.04.18"]
[Round "4"]
[White "Stripunsky, Alexander"]
[Black "Robson, Ray"]
[Result "0-1"]
[WhiteTitle "GM"]
[BlackTitle "GM"]
[WhiteElo "2578"]
[BlackElo "2522"]
[WhiteFideId "2015315"]
[BlackFideId "2023970"]
[EventDate "2011.04.15"]

1. e4 e6 2. Qe2 Nf6 3. f4 d5 4. e5 Nfd7 5. Nf3 c5 6. g3 b6 7. b3 c4 8. bxc4 Ba6
9. Bg2 Bxc4 10. d3 Ba6 11. f5 Nc6 12. O-O Bc5+ 13. Kh1 O-O 14. Bb2 exf5 15. e6
Qe7 16. exf7+ Qxf7 17. Ng5 Rae8 18. Qf3 Nde5 19. Qxd5 Qxd5 20. Bxd5+ Kh8 21. Ne6
Nb4 22. Nxf8 Nxd5 23. Bxe5 Bb7 24. h4 Rxe5 25. Kh2 0-1

[Event "ch-USA GpA"]
[Site "Saint Louis USA"]
[Date "2011.04.19"]
[Round "5"]
[White "Robson, Ray"]
[Black "Naroditsky, Daniel"]
[Result "0-1"]
[WhiteTitle "GM"]
[BlackTitle "FM"]
[WhiteElo "2522"]
[BlackElo "2438"]
[WhiteFideId "2023970"]
[BlackFideId "2026961"]
[EventDate "2011.04.15"]

1. e4 c5 2. Nf3 d6 3. d4 cxd4 4. Nxd4 Nf6 5. Nc3 a6 6. Bg5 Nbd7 7. Qe2 Qc7 8.
O-O-O e6 9. f4 Be7 10. g3 h6 11. Bh4 Rg8 12. Bxf6 Bxf6 13. Bh3 Nb6 14. f5 e5 15.
Nb3 Bd7 16. Qd3 Be7 17. Na5 Rc8 18. Kb1 Na4 19. Nxa4 Bxa4 20. Nb3 Bb5 21. Qd2
Bf6 22. Rhe1 Ke7 23. Bf1 Bc6 24. Na5 Rgd8 25. Bc4 Ba4 26. b3 Be8 27. Bd3 b5 28.
h4 Kf8 29. c4 Qb6 30. cxb5 axb5 31. Qb4 Ra8 32. Nc4 Qa6 33. Ne3 Qxa2+ 34. Kc1
Rdc8+ 35. Bc2 Be7 36. Rd5 Bc6 37. f6 gxf6 38. Kd2 Bxd5 39. exd5 Qa5 40. Qxa5
Rxa5 41. Kd3 Ra2 42. Re2 Bd8 43. Bd1 Ra1 44. Rc2 Rxc2 45. Bxc2 Rg1 46. Nf5 Bb6
47. Ke4 Re1+ 48. Kf3 Rc1 49. Bd3 Rc3 50. Ke4 Rxb3 51. Nxd6 Rb4+ 52. Kf5 Rd4 53.
Be4 b4 54. Nb5 Rd1 55. Kxf6 b3 56. Kxe5 b2 57. Na3 Bc7+ 58. Kf6 Bxg3 59. h5 Rf1+
60. Bf5 Bd6 61. Nb1 Rh1 0-1

[Event "ch-USA GpA"]
[Site "Saint Louis USA"]
[Date "2011.04.19"]
[Round "5"]
[White "Ivanov, Alexander"]
[Black "Ehlvest, Jaan"]
[Result "1/2-1/2"]
[WhiteTitle "GM"]
[BlackTitle "GM"]
[WhiteElo "2540"]
[BlackElo "2586"]
[WhiteFideId "2000202"]
[BlackFideId "4500016"]
[EventDate "2011.04.15"]

1. e4 c5 2. Nf3 Nc6 3. d4 cxd4 4. Nxd4 Qb6 5. Nb3 Nf6 6. Nc3 e6 7. Qe2 Bb4 8.
Bd2 O-O 9. a3 Be7 10. e5 Ne8 11. g3 a5 12. f4 d6 13. Be3 Qc7 14. Nb5 Qb8 15.
exd6 Nxd6 16. O-O-O e5 17. fxe5 Nxb5 18. Qxb5 Bg4 19. Be2 Bxe2 20. Qxe2 Qxe5 21.
Qf2 Bf6 22. Nd4 Rac8 23. c3 Ne7 24. Kb1 Nd5 25. Rhe1 Qe4+ 26. Qc2 Qxe3 27. Rxe3
Nxe3 28. Qd3 Nxd1 29. Qxd1 Rfd8 30. Qb3 Bxd4 31. cxd4 Rxd4 32. Qxb7 Rdc4 33. Ka2
a4 34. Qb5 g6 35. h3 h5 36. Qb7 Rc2 37. Qb5 R2c4 38. Qb7 R8c5 39. Qd7 Kg7 40.
Qd3 Rc8 41. Qd5 R8c7 42. Qd3 Kh7 43. Qd5 Rc2 44. Qe4 R2c4 45. Qd5 f5 46. Qd6 Rg7
47. Qd5 Re4 48. Qc6 Rge7 49. Qd6 Kg7 50. Qc5 Kh7 51. Qd6 Rf7 52. Qd3 h4 53. g4
Rfe7 54. gxf5 gxf5 55. Qd5 Kg6 56. Qd1 Kf6 57. Qh5 Ke6 58. Qh6+ Kd5 59. Qg5 R7e5
60. Qd2+ Kc6 61. Qc1+ Kd6 62. Qd2+ Rd5 63. Qh6+ Kc5 64. Qc1+ Kb5 65. Qc7 Rc5 66.
Qd7+ Kb6 67. Qd6+ Kb5 68. Qd7+ 1/2-1/2

[Event "ch-USA GpA"]
[Site "Saint Louis USA"]
[Date "2011.04.20"]
[Round "6"]
[White "Ehlvest, Jaan"]
[Black "Stripunsky, Alexander"]
[Result "1-0"]
[WhiteTitle "GM"]
[BlackTitle "GM"]
[WhiteElo "2586"]
[BlackElo "2578"]
[WhiteFideId "4500016"]
[BlackFideId "2015315"]
[EventDate "2011.04.15"]

1. e4 c5 2. Nf3 e6 3. d4 cxd4 4. Nxd4 a6 5. Nc3 Qc7 6. Bd3 Nf6 7. f4 b5 8. e5 b4
9. Ne4 Nxe4 10. Bxe4 Bb7 11. Qf3 Nc6 12. Be3 Rc8 13. Nb3 d5 14. exd6 Bxd6 15.
O-O-O f5 16. Bd3 O-O 17. Qf2 Ne7 18. Nd4 Rf6 19. Rhe1 Kh8 20. g3 e5 21. fxe5
Bxe5 22. Bg5 Bxd4 23. Qxd4 Rd6 24. Qf2 Rxd3 25. Rxd3 Be4 26. Rd2 b3 27. a3 Ng6
28. Re3 Qb7 29. Rc3 Re8 30. Rxb3 Qf7 31. Bf4 h6 32. Qd4 Rc8 33. Rc3 Rxc3 34.
Qxc3 Kh7 35. b3 h5 36. Bg5 Qe6 37. Qc5 Bf3 38. Kb2 Qe1 39. Qxf5 Bg4 40. Qc5 1-0

[Event "ch-USA GpA"]
[Site "Saint Louis USA"]
[Date "2011.04.21"]
[Round "7"]
[White "Robson, Ray"]
[Black "Ivanov, Alexander"]
[Result "1-0"]
[WhiteTitle "GM"]
[BlackTitle "GM"]
[WhiteElo "2522"]
[BlackElo "2540"]
[WhiteFideId "2023970"]
[BlackFideId "2000202"]
[EventDate "2011.04.15"]

1. e4 e5 2. Nf3 Nc6 3. Bb5 Nf6 4. O-O Nxe4 5. d4 Nd6 6. Bg5 Be7 7. Bxe7 Qxe7 8.
Bxc6 dxc6 9. dxe5 Nf5 10. Nc3 O-O 11. Qd3 Rd8 12. Qe4 Nh6 13. h3 Bf5 14. Qe2 Bg6
15. Rad1 Nf5 16. Qc4 h6 17. Ne2 Kh7 18. Rfe1 Rxd1 19. Rxd1 Rd8 20. Rxd8 Qxd8 21.
Nf4 Nh4 22. Nxh4 Qxh4 23. g3 Qg5 24. Nxg6 Qxg6 25. Qd3 Qxd3 26. cxd3 Kg6 27. f4
Kf5 28. Kf2 Ke6 29. Ke3 Kd5 30. d4 g6 31. Kd3 h5 32. g4 hxg4 33. hxg4 a5 34. f5
g5 35. b3 b6 36. a3 c5 37. e6 fxe6 38. f6 Kd6 39. dxc5+ bxc5 40. Ke4 Kd7 41. Ke5 1-0

[Event "ch-USA GpA"]
[Site "Saint Louis USA"]
[Date "2011.04.21"]
[Round "7"]
[White "Stripunsky, Alexander"]
[Black "Naroditsky, Daniel"]
[Result "1-0"]
[WhiteTitle "GM"]
[BlackTitle "FM"]
[WhiteElo "2578"]
[BlackElo "2438"]
[WhiteFideId "2015315"]
[BlackFideId "2026961"]
[EventDate "2011.04.15"]

1. d4 Nf6 2. Nf3 g6 3. Nc3 d5 4. Bf4 Bg7 5. e3 O-O 6. Be2 c6 7. Ne5 Nbd7 8. h4
h5 9. Qd2 Nxe5 10. Bxe5 b5 11. f3 Bh6 12. Bd3 Nd7 13. Bf4 Bg7 14. Bg5 b4 15. Ne2
c5 16. b3 Qe8 17. e4 Nb6 18. e5 c4 19. bxc4 dxc4 20. Be4 c3 21. Qd3 Rb8 22. g4
f5 23. exf6 exf6 24. Bxg6 Ba6 25. Bh7+ Kh8 26. Qxa6 Kxh7 27. Bf4 Rd8 28. O-O-O
Nd5 29. Kb1 Qd7 30. Bc1 Rfe8 31. Nf4 Nxf4 32. Bxf4 Qd5 33. gxh5 Re6 34. Qd3+ f5
35. Rhg1 Rde8 36. Be5 Bxe5 37. Qxf5+ Kh8 38. dxe5 Qxe5 39. Qg5 Rf8 40. h6 Rfe8
41. f4 Qf6 42. f5 Ra6 43. Qg6 Rb8 44. Rd7 1-0